| 000 | 00852nab a2200265 u 4500 | ||
|---|---|---|---|
| 001 | 07574 | ||
| 003 | HDC | ||
| 007 | cr bn ---aaaaa | ||
| 008 | 210127c mydr|nes 0 a may d | ||
| 040 | _aHDC | ||
| 100 |
_aDr Hakimah Yaacob _eauthor _98108 |
||
| 245 | 0 |
_aEKONOMI HALAL SELUAS LAUTAN BIRU / _cby Dr Hakimah Yaacob |
|
| 260 |
_aKuala Lumpur : _bBERITA HARIAN, _c2016 |
||
| 300 | _a10 page | ||
| 336 |
_atext _2rdacontent |
||
| 337 |
_acomputer _2rdamedia |
||
| 338 |
_aonline resource _2rdacarrier |
||
| 650 |
_aBusiness industry _96119 |
||
| 650 |
_aEconomy _91877 |
||
| 650 |
_aHalal economy _92148 |
||
| 856 | _zRequest full-text at [email protected] | ||
| 942 | _2lcc | ||
| 942 | _cNEWS | ||
| 942 | _kNWSC 001163 | ||
| 999 |
_c4897 _d4897 |
||